Sustainable urbanism : (Record no. 4894)

MARC details
000 -LEADER
fixed length control field 00699nam a22002177a 4500
003 - CONTROL NUMBER IDENTIFIER
control field OSt
005 - DATE AND TIME OF LATEST TRANSACTION
control field 20251014054446.0
008 - FIXED-LENGTH DATA ELEMENTS--GENERAL INFORMATION
fixed length control field 251014b |||||||| |||| 00| 0 eng d
020 ## - INTERNATIONAL STANDARD BOOK NUMBER
International Standard Book Number 978-0-471-77751-9.
040 ## - CATALOGING SOURCE
Original cataloging agency DCL-Main lib
Transcribing agency OC
082 ## - DEWEY DECIMAL CLASSIFICATION NUMBER
Edition number Circ. 307.76 F239s 2008
100 ## - MAIN ENTRY--PERSONAL NAME
Personal name Farr, Douglas
245 ## - TITLE STATEMENT
Title Sustainable urbanism :
Remainder of title urban design with nature
260 ## - PUBLICATION, DISTRIBUTION, ETC.
Place of publication, distribution, etc. N. J. :
Name of publisher, distributor, etc. John Wiley & Sons, Inc.,
Date of publication, distribution, etc. c2008.
300 ## - PHYSICAL DESCRIPTION
Extent 304 pages :
Other physical details illustration ;
Dimensions 23 cm.
504 ## - BIBLIOGRAPHY, ETC. NOTE
Bibliography, etc. note Includes bibliographical references and index.
650 ## - SUBJECT ADDED ENTRY--TOPICAL TERM
Source of heading or term 1. Cities and towns-Growth.
650 ## - SUBJECT ADDED ENTRY--TOPICAL TERM
Source of heading or term 2. City planning-Environmental aspects.
650 ## - SUBJECT ADDED ENTRY--TOPICAL TERM
Source of heading or term 3. Urbanization.
942 ## - ADDED ENTRY ELEMENTS (KOHA)
Source of classification or shelving scheme Dewey Decimal Classification
Koha item type Book Circulation
Call number prefix Circ.
Suppress in OPAC No

No items available.